Ekonomický a menový vývoj Slovenska v roku 1994. 11

Z výročnej správy Národnej banky Slovenska za r. 1994. Hodnotenie vývoja v bankovom sektore SR. Podnikanie bánk. Zastúpenie zahraničných bánk pôsobiacich v SR, prehľad obchodných bánk a sporiteľní a pobočky zahraničných bánk na území SR k 1.8.1995.

Enregistré dans:
Détails bibliographiques
Format: Chapitre de livre
Langue:slovaque
Sujets:
Tags: Ajouter un tag
Pas de tags, Soyez le premier à ajouter un tag!

MARC

LEADER 00000naa a2200000 4500
001 r018636
005 20221205101816.1
041 0 |a slo 
044 |a SK 
245 1 0 |a Ekonomický a menový vývoj Slovenska v roku 1994. 11 
520 |a Z výročnej správy Národnej banky Slovenska za r. 1994. Hodnotenie vývoja v bankovom sektore SR. Podnikanie bánk. Zastúpenie zahraničných bánk pôsobiacich v SR, prehľad obchodných bánk a sporiteľní a pobočky zahraničných bánk na území SR k 1.8.1995. 
610 2 0 |a Slovensko 
610 2 0 |a 1994 
610 2 0 |a 1995 
610 2 0 |a rast hospodársky 
610 2 0 |a správy výročné 
610 2 0 |a NBS Bratislava 
610 2 0 |a banky obchodné 
610 2 0 |a sporiteľne 
610 2 0 |a kapitál zahraničný